<?xml version="1.0" encoding="UTF-8"?>
<record
    xmlns:xsi="http://www.w3.org/2001/XMLSchema-instance"
    xsi:schemaLocation="http://www.loc.gov/MARC21/slim http://www.loc.gov/standards/marcxml/schema/MARC21slim.xsd"
    xmlns="http://www.loc.gov/MARC21/slim">

  <leader>00576nam a22001937a 4500</leader>
  <controlfield tag="003">OSt</controlfield>
  <controlfield tag="008">240514b2021    |||||||| |||| 00| 0 eng d</controlfield>
  <datafield tag="020" ind1=" " ind2=" ">
    <subfield code="a">9789354244773</subfield>
  </datafield>
  <datafield tag="082" ind1=" " ind2=" ">
    <subfield code="a">658.4031</subfield>
    <subfield code="b">BOU-R</subfield>
  </datafield>
  <datafield tag="100" ind1=" " ind2=" ">
    <subfield code="a">Bougie, Roger</subfield>
  </datafield>
  <datafield tag="245" ind1=" " ind2=" ">
    <subfield code="a">Research methods for business :</subfield>
    <subfield code="b">a skill-building approach /</subfield>
    <subfield code="c">Roger Bougie, Uma Sekaran and Mala Srivastava.</subfield>
  </datafield>
  <datafield tag="250" ind1=" " ind2=" ">
    <subfield code="a">8th</subfield>
  </datafield>
  <datafield tag="260" ind1=" " ind2=" ">
    <subfield code="a">New Delhi :</subfield>
    <subfield code="b">Wiley India,</subfield>
    <subfield code="c">2021.</subfield>
  </datafield>
  <datafield tag="300" ind1=" " ind2=" ">
    <subfield code="a">xxxiii, 481 p. ;</subfield>
  </datafield>
  <datafield tag="650" ind1=" " ind2=" ">
    <subfield code="a">Business -Research-Methodology</subfield>
  </datafield>
  <datafield tag="700" ind1=" " ind2=" ">
    <subfield code="a">Sekaran, Uma</subfield>
  </datafield>
  <datafield tag="700" ind1=" " ind2=" ">
    <subfield code="a">Srivastava, Mala</subfield>
  </datafield>
  <datafield tag="942" ind1=" " ind2=" ">
    <subfield code="2">ddc</subfield>
    <subfield code="c">BK</subfield>
  </datafield>
  <datafield tag="999" ind1=" " ind2=" ">
    <subfield code="c">20475</subfield>
    <subfield code="d">20475</subfield>
  </datafield>
  <datafield tag="952" ind1=" " ind2=" ">
    <subfield code="0">0</subfield>
    <subfield code="1">0</subfield>
    <subfield code="2">ddc</subfield>
    <subfield code="4">0</subfield>
    <subfield code="7">0</subfield>
    <subfield code="a">SOBD</subfield>
    <subfield code="b">SOBD</subfield>
    <subfield code="d">2024-04-11</subfield>
    <subfield code="e">Vedi Books</subfield>
    <subfield code="f">INR</subfield>
    <subfield code="g">749.00</subfield>
    <subfield code="o">658.4031 BOU-R1</subfield>
    <subfield code="p">004981</subfield>
    <subfield code="r">2024-05-14</subfield>
    <subfield code="t">1</subfield>
    <subfield code="w">2024-04-11</subfield>
    <subfield code="y">REF</subfield>
    <subfield code="k">VEDI/24-25/04/08</subfield>
  </datafield>
  <datafield tag="952" ind1=" " ind2=" ">
    <subfield code="0">0</subfield>
    <subfield code="1">0</subfield>
    <subfield code="2">ddc</subfield>
    <subfield code="4">0</subfield>
    <subfield code="7">0</subfield>
    <subfield code="a">SOBD</subfield>
    <subfield code="b">SOBD</subfield>
    <subfield code="d">2024-04-11</subfield>
    <subfield code="e">Vedi Books</subfield>
    <subfield code="f">INR</subfield>
    <subfield code="g">749.00</subfield>
    <subfield code="o">658.4031 BOU-R2</subfield>
    <subfield code="p">004982</subfield>
    <subfield code="r">2024-05-14</subfield>
    <subfield code="t">2</subfield>
    <subfield code="w">2024-04-11</subfield>
    <subfield code="y">BK</subfield>
    <subfield code="k">VEDI/24-25/04/08</subfield>
  </datafield>
  <datafield tag="952" ind1=" " ind2=" ">
    <subfield code="0">0</subfield>
    <subfield code="1">0</subfield>
    <subfield code="2">ddc</subfield>
    <subfield code="4">0</subfield>
    <subfield code="7">0</subfield>
    <subfield code="a">SOBD</subfield>
    <subfield code="b">SOBD</subfield>
    <subfield code="d">2024-04-11</subfield>
    <subfield code="e">Vedi Books</subfield>
    <subfield code="f">INR</subfield>
    <subfield code="g">749.00</subfield>
    <subfield code="o">658.4031 BOU-R3</subfield>
    <subfield code="p">004983</subfield>
    <subfield code="r">2024-05-14</subfield>
    <subfield code="t">3</subfield>
    <subfield code="w">2024-04-11</subfield>
    <subfield code="y">BK</subfield>
    <subfield code="k">VEDI/24-25/04/08</subfield>
  </datafield>
  <datafield tag="952" ind1=" " ind2=" ">
    <subfield code="0">0</subfield>
    <subfield code="1">0</subfield>
    <subfield code="2">ddc</subfield>
    <subfield code="4">0</subfield>
    <subfield code="7">0</subfield>
    <subfield code="a">SOBD</subfield>
    <subfield code="b">SOBD</subfield>
    <subfield code="d">2024-04-11</subfield>
    <subfield code="e">Vedi Books</subfield>
    <subfield code="f">INR</subfield>
    <subfield code="g">749.00</subfield>
    <subfield code="o">658.4031 BOU-R4</subfield>
    <subfield code="p">004984</subfield>
    <subfield code="r">2024-05-14</subfield>
    <subfield code="t">4</subfield>
    <subfield code="w">2024-04-11</subfield>
    <subfield code="y">BK</subfield>
    <subfield code="k">VEDI/24-25/04/08</subfield>
  </datafield>
  <datafield tag="952" ind1=" " ind2=" ">
    <subfield code="0">0</subfield>
    <subfield code="1">0</subfield>
    <subfield code="2">ddc</subfield>
    <subfield code="4">0</subfield>
    <subfield code="7">0</subfield>
    <subfield code="a">SOBD</subfield>
    <subfield code="b">SOBD</subfield>
    <subfield code="d">2024-04-11</subfield>
    <subfield code="e">Vedi Books</subfield>
    <subfield code="f">INR</subfield>
    <subfield code="g">749.00</subfield>
    <subfield code="o">658.4031 BOU-R5</subfield>
    <subfield code="p">004985</subfield>
    <subfield code="r">2024-05-14</subfield>
    <subfield code="t">5</subfield>
    <subfield code="w">2024-04-11</subfield>
    <subfield code="y">BK</subfield>
    <subfield code="k">VEDI/24-25/04/08</subfield>
  </datafield>
  <datafield tag="952" ind1=" " ind2=" ">
    <subfield code="0">0</subfield>
    <subfield code="1">0</subfield>
    <subfield code="2">ddc</subfield>
    <subfield code="4">0</subfield>
    <subfield code="7">0</subfield>
    <subfield code="a">SOBD</subfield>
    <subfield code="b">SOBD</subfield>
    <subfield code="d">2024-04-11</subfield>
    <subfield code="e">Vedi Books</subfield>
    <subfield code="f">INR</subfield>
    <subfield code="g">749.00</subfield>
    <subfield code="o">658.4031 BOU-R6</subfield>
    <subfield code="p">004986</subfield>
    <subfield code="r">2024-05-14</subfield>
    <subfield code="t">6</subfield>
    <subfield code="w">2024-04-11</subfield>
    <subfield code="y">BK</subfield>
    <subfield code="k">VEDI/24-25/04/08</subfield>
  </datafield>
  <datafield tag="952" ind1=" " ind2=" ">
    <subfield code="0">0</subfield>
    <subfield code="1">0</subfield>
    <subfield code="2">ddc</subfield>
    <subfield code="4">0</subfield>
    <subfield code="7">0</subfield>
    <subfield code="a">SOBD</subfield>
    <subfield code="b">SOBD</subfield>
    <subfield code="d">2024-04-11</subfield>
    <subfield code="e">Vedi Books</subfield>
    <subfield code="f">INR</subfield>
    <subfield code="g">749.00</subfield>
    <subfield code="o">658.4031 BOU-R7</subfield>
    <subfield code="p">004987</subfield>
    <subfield code="r">2024-05-14</subfield>
    <subfield code="t">7</subfield>
    <subfield code="w">2024-04-11</subfield>
    <subfield code="y">BK</subfield>
    <subfield code="k">VEDI/24-25/04/08</subfield>
  </datafield>
</record>
